Statistics for Biggest Cities once in the Ottoman Empire

Click here to take the quiz!

General Stats

  • This quiz has been taken 11,755 times
    (10,232 since last reset)
  • The average score is 11 of 19

Answer Stats

PopulationCity% Correct
14.8 milIstanbul
98%
18.2 milCairo
90%
3.38 milAthens
88%
4.85 milAnkara
87%
6.95 milBaghdad
81%
3.68 milDamascus
76%
5.85 milAlexandria
74%
2.20 milBucharest
63%
2.63 milTel Aviv
61%
2.58 milTunis
58%
3.83 milAlgiers
56%
2.58 milBudapest
56%
5.30 milAmman
51%
3.00 milIzmir
46%
4.48 milKuwait City
40%
2.53 milBaku
33%
4.63 milJeddah
27%
2.63 milSana'a
22%
2.38 milDammam
6%

Score Distribution

Percentile by Number Answered

Percent of People with Each Score

Your Score History

You have not taken this quiz since the last reset